000
00313nam a2200145Ia 4500
100
_a
Bose/ N.K./ Liang/ P
942
_c
BK
654
_a
Computer
245
_a
Neural networks Fundamentals
260
_b
Tata Mc Graw hill
_c
1998
082
_a
6.3
_b
BOS/LIA
300
_a
478
546
_a
ENGLISH
999
_c
23269
_d
23269